| 000 | 00355nam a2200145Ia 4500 | ||
|---|---|---|---|
| 008 | 240624s9999 xx 000 0 und d | ||
| 041 | _aeng | ||
| 082 | _a658.314 ROB | ||
| 100 | _aROBINSON KEN | ||
| 245 | _aOUT OF OUR MINDS LEARNING TO BE CREATIVE | ||
| 250 | _a(2nd ed.) | ||
| 260 |
_c2011 _acreative _bCapstone |
||
| 300 | _a352 : p. | ||
| 365 |
_c _b15 |
||
| 999 |
_c23914 _d23914 |
||